|
|
|
|
| LEADER |
00000nam a2200000 a 4500 |
| 001 |
vtls008692016 |
| 003 |
SK-MaSNL |
| 005 |
20260224031649.0 |
| 008 |
060420 000 0 eng |
| 040 |
|
|
|a SNK
|b slo
|c SNK
|e AACR2
|
| 245 |
1 |
|
|a Tractatus Theologiae Moralis Practicus, ...
|
| 260 |
|
|
|a Budae
|b [Typis Regiae Universitatis]
|c 1790
|
| 300 |
|
|
|a 264, 4 s.
|
| 999 |
|
|
|c 824367
|d 826297
|
| 952 |
|
|
|a SNK
|b SNK
|y VYP
|7 0
|p 17X08692016002
|o snkSD 2298 D1
|i snkKSF 1336/57
|3 Rekatalogizácia
|0 0
|1 0
|4 0
|d 2006-04-20
|l 0
|r 2026-02-24 03:16:49
|w 2026-02-24
|
| 952 |
|
|
|a SNK
|b SNK
|y VYP
|7 0
|p 17X08692016003
|o snkSD 2298 D2
|i snkF 2147/76
|3 Rekatalogizácia
|0 0
|1 0
|4 0
|d 2006-04-20
|l 0
|r 2026-02-24 03:16:49
|w 2026-02-24
|
| 952 |
|
|
|a SNK
|b SNK
|y VYP
|7 0
|p 17X08692016004
|o snkSD 2298 D3
|i snkF 2195/82
|3 Rekatalogizácia
|0 0
|1 0
|4 0
|d 2006-04-20
|l 0
|r 2026-02-24 03:16:49
|w 2026-02-24
|
| 952 |
|
|
|a SNK
|b SNK
|y VYP
|7 0
|p 17X08692016005
|o snkSD 2298 D4
|i snkF 3719/82
|3 Rekatalogizácia
|0 0
|1 0
|4 0
|d 2006-04-20
|l 0
|r 2026-02-24 03:16:49
|w 2026-02-24
|
| 952 |
|
|
|a SNK
|b SNK
|y VYP
|7 0
|p 17X08692016006
|o snkSD 2298 D5
|i snkF 4464/82
|3 Rekatalogizácia
|0 0
|1 0
|4 0
|d 2006-04-20
|l 0
|r 2026-02-24 03:16:49
|w 2026-02-24
|